00527nam a2200169Ia 4500003000900000008004100009040001600050080001700066100001800083245010000101260003500201300001300236490003100249650004100280650001700321650001900338IN-BaIIA211028s9999 xx 000 0 eng d cIIA Library a514.742bBOO aBooker, H. G. 2aA vector approach to oscillationscH. G. Booker  aNew YorkbAcademic Pressc1965 ax, 149p. aAcademic paperbacks series aAstronomy and Astrophysics Thesaurus aOscillations aVector algebra